Современный менеджмент. Практикум: учебное пособие

التفاصيل البيبلوغرافية
المؤلف الرئيسي: Никулина И. Е. Ирина Евгеньевна
مؤلف مشترك: Национальный исследовательский Томский политехнический университет (ТПУ) Институт социально-гуманитарных технологий (ИСГТ) Кафедра менеджмента (МЕН)
الملخص:Заглавие с титульного экрана
Электронная версия печатной публикации
В пособии приведены темы управленческого процесса и комплекс модулей различных форм проведения практических занятий по каждой теме. Для организации систематического контроля учебных достижений студентов разработаны различные тесты, контрольные вопросы и блицопросы. Исходя из существующей технологии функционального управления, предложены различные деловые игры, отвечающие требованиям формирования необходимых компетенций менеджеров. Рассмотрены современные особенности инновационного развития функций управления хозяйствующим объектом, уделено внимание самостоятельной проработке студентами некоторых вопросов заданных тем. Включены методологические материалы как преподавателей ТПУ, так и ведущих специалистов в области теории и практики современного менеджмента. Предназначено для магистрантов, обучающихся по направлению 380402 "Менеджмент".
Режим доступа: из корпоративной сети ТПУ
اللغة:الروسية
منشور في: Томск, Изд-во ТПУ, 2015
الموضوعات:
الوصول للمادة أونلاين:http://www.lib.tpu.ru/fulltext2/m/2016/m028.pdf
التنسيق: MixedMaterials الكتروني كتاب
KOHA link:https://koha.lib.tpu.ru/cgi-bin/koha/opac-detail.pl?biblionumber=317353

MARC

LEADER 00000nlm0a2200000 4500
001 317353
005 20240115162227.0
035 |a (RuTPU)RU\TPU\book\342821 
035 |a RU\TPU\book\342492 
090 |a 317353 
100 |a 20160407d2015 m y0rusy50 ca 
101 0 |a rus 
102 |a RU 
105 |a a j 001zy 
135 |a drcn ---uucaa 
181 0 |a i  
182 0 |a b 
200 1 |a Современный менеджмент. Практикум  |e учебное пособие  |f И. Е. Никулина  |g Национальный исследовательский Томский политехнический университет (ТПУ) 
203 |a Текст  |c электронный 
210 |a Томск  |c Изд-во ТПУ  |d 2015 
300 |a Заглавие с титульного экрана 
300 |a Электронная версия печатной публикации 
330 |a В пособии приведены темы управленческого процесса и комплекс модулей различных форм проведения практических занятий по каждой теме. Для организации систематического контроля учебных достижений студентов разработаны различные тесты, контрольные вопросы и блицопросы. Исходя из существующей технологии функционального управления, предложены различные деловые игры, отвечающие требованиям формирования необходимых компетенций менеджеров. Рассмотрены современные особенности инновационного развития функций управления хозяйствующим объектом, уделено внимание самостоятельной проработке студентами некоторых вопросов заданных тем. Включены методологические материалы как преподавателей ТПУ, так и ведущих специалистов в области теории и практики современного менеджмента. Предназначено для магистрантов, обучающихся по направлению 380402 "Менеджмент". 
333 |a Режим доступа: из корпоративной сети ТПУ 
337 |a Adobe Reader 
606 1 |a Менеджмент  |2 stltpush  |3 (RuTPU)RU\TPU\subj\42098  |9 61850 
610 1 |a электронный ресурс 
610 1 |a труды учёных ТПУ 
610 1 |a учебные пособия 
610 1 |a управленческие процессы 
610 1 |a практические занятия 
610 1 |a деловые игры 
610 1 |a инновационное развитие 
610 1 |a хозяйствующие субъекты 
610 1 |a планирование 
610 1 |a мотивация 
610 1 |a контроль 
686 |a У9(2)212я73  |2 rubbk 
700 1 |a Никулина  |b И. Е.  |c экономист  |c профессор Томского политехнического университета, доктор экономических наук  |f 1958-  |g Ирина Евгеньевна  |3 (RuTPU)RU\TPU\pers\26743  |9 12386 
712 0 2 |a Национальный исследовательский Томский политехнический университет (ТПУ)  |b Институт социально-гуманитарных технологий (ИСГТ)  |b Кафедра менеджмента (МЕН)  |3 (RuTPU)RU\TPU\col\18855 
801 2 |a RU  |b 63413507  |c 20160620  |g RCR 
856 4 |u http://www.lib.tpu.ru/fulltext2/m/2016/m028.pdf 
942 |c CF